[Event "Main Vogelsberg op 15th"]
[Site "Waechtersbach"]
[Date "2021.10.03"]
[Round "5.14"]
[White "Lenhardt, Manfred"]
[Black "Boldt, Kai Ulrich"]
[Result "1/2-1/2"]
[WhiteElo "1976"]
[BlackElo "1618"]
[PlyCount "101"]
[EventDate "2021.10.01"]
[EventType "swiss"]
[EventRounds "5"]
[EventCountry "GER"]
[SourceTitle "EXT 2023"]
[Source "ChessBase"]
[SourceDate "2022.10.05"]
[SourceVersion "1"]
[SourceVersionDate "2022.10.05"]
[SourceQuality "1"]

1. d4 Nf6 2. Nf3 g6 3. g3 Bg7 4. Bg2 0-0 5. 0-0 d6 6. c4 Re8 7. Nc3 Nc6 8. h3 e5 9. Bg5 h6 10. Be3 a6 11. Qd2 Kh7 12. Rad1 Ng8 13. dxe5 dxe5 14. Qxd8 Nxd8 15. Nd5 Ne6 16. Rd2 Ne7 17. Rfd1 Nf5 18. Ne1 Nxe3 19. Nxe3 c6 20. Nd3 Rb8 21. Nc1 Bf8 22. Ng4 Bg7 23. Nb3 h5 24. Ne3 Bf8 25. Nc2 Be7 26. a3 Rd8 27. Nb4 Rxd2 28. Rxd2 Nd8 29. Nd3 f6 30. Nbc5 Ne6 31. Nb3 Kg7 32. e3 Kf7 33. Kf1 Ng5 34. h4 Ne6 35. c5 Nc7 36. Na5 Ne6 37. b4 Bd8 38. Nc4 Bc7 39. Nc1 a5 40. Nb3 axb4 41. axb4 Ra8 42. Nba5 Nd8 43. Nd6+ Ke7 44. Nxc8+ Rxc8 45. Bh3 f5 46. e4 Kf6 47. Nc4 Ne6 48. exf5 gxf5 49. Ne3 Nd4 50. Nc2 Rd8 51. Nxd4 1/2-1/2

[Event "Hofheim Spring op-B 4th"]
[Site "Hofheim"]
[Date "2016.03.31"]
[Round "5"]
[White "Boldt, Kai Ulrich"]
[Black "Wallat, Stephan"]
[Result "1-0"]
[WhiteElo "1758"]
[BlackElo "1618"]
[PlyCount "125"]
[EventDate "2016.03.30"]
[EventType "swiss"]
[EventRounds "9"]
[EventCountry "GER"]
[SourceTitle "EXT 2018"]
[Source "ChessBase"]
[SourceDate "2017.10.13"]
[SourceVersion "1"]
[SourceVersionDate "2017.10.13"]
[SourceQuality "1"]

1. c4 Nf6 2. Nf3 g6 3. Nc3 Bg7 4. g3 0-0 5. Bg2 d6 6. 0-0 Nc6 7. d3 Rb8 8. Rb1 b6 9. b4 e6 10. b5 Ne7 11. Ne1 Bb7 12. Bb2 Bxg2 13. Kxg2 c5 14. e3 Qc7 15. Qf3 Nf5 16. Kg1 h5 17. Ng2 Kh7 18. h3 Rh8 19. Ne4 Nxe4 20. Qxe4 Bxb2 21. Rxb2 Kg7 22. Qf3 Rbd8 23. Rd1 d5 24. Rbd2 d4 25. e4 Ne7 26. Ne1 f5 27. Ng2 g5 28. Qe2 f4 29. gxf4 gxf4 30. Qf3 Rdf8 31. Kh2 Ng6 32. Rg1 Kf7 33. Kh1 Ke8 34. Ne1 Nh4 35. Qd1 e5 36. Nf3 Qd7 37. Kh2 Nxf3+ 38. Qxf3 Qe7 39. Rdd1 h4 40. Rg6 Rhg8 41. Rdg1 Rxg6 42. Rxg6 Rf6 43. Rg5 Qe6 44. Qh5+ Kd7 45. Rxe5 Rh6 46. Rxe6 Rxh5 47. Rf6 Rh7 48. Rxf4 Ke6 49. Rg4 Ke5 50. f4+ Ke6 51. Kg2 Kf6 52. Kf3 Rh5 53. Rg8 Rh7 54. Kg4 Kf7 55. Rg5 Rh6 56. f5 Rh8 57. Rg6 Rh7 58. Kg5 Rh8 59. e5 Rh7 60. e6+ Ke7 61. Rg8 Kd6 62. Kg6 Re7 63. Rg7 1-0

[Event "Hofheim Spring op-B 4th"]
[Site "Hofheim"]
[Date "2016.03.30"]
[Round "2"]
[White "Boldt, Kai Ulrich"]
[Black "Ovsepyan, Mikhail"]
[Result "0-1"]
[WhiteElo "1758"]
[BlackElo "1867"]
[PlyCount "92"]
[EventDate "2016.03.30"]
[EventType "swiss"]
[EventRounds "9"]
[EventCountry "GER"]
[SourceTitle "EXT 2018"]
[Source "ChessBase"]
[SourceDate "2017.10.13"]
[SourceVersion "1"]
[SourceVersionDate "2017.10.13"]
[SourceQuality "1"]

1. c4 e5 2. Nc3 Nf6 3. Nf3 Nc6 4. d4 exd4 5. Nxd4 Bb4 6. Bg5 h6 7. Bh4 Bxc3+ 8. bxc3 Ne5 9. f4 Ng6 10. Bxf6 Qxf6 11. g3 0-0 12. e4 d6 13. Bg2 c5 14. Nb5 a6 15. Nc7 Qxc3+ 16. Kf2 Rb8 17. Rc1 Qa5 18. Qxd6 Qxa2+ 19. Kf3 Bg4+ 20. Kxg4 Qxg2 21. Qd3 h5+ 22. Kg5 Qh3 23. Qf3 Ne7 24. f5 Nc6 25. Kf4 Nd4 26. Qd1 Rbd8 27. Nd5 Rfe8 28. Rc3 Qg2 29. Rf3 Nxf3 30. Qxf3 Qxf3+ 31. Kxf3 f6 32. Rb1 Rb8 33. Rb6 Kf7 34. h3 Rec8 35. Ke3 Rc6 36. Kf4 Rxb6 37. Nxb6 Rd8 38. Na4 Rc8 39. e5 fxe5+ 40. Kxe5 b5 41. Nb6 Rd8 42. g4 hxg4 43. hxg4 b4 44. g5 b3 45. g6+ Kf8 46. Na4 Rd2 0-1

[Event "Rhein Main op-B 18th"]
[Site "Bad Homburg"]
[Date "2015.06.03"]
[Round "1"]
[White "Klinke, Roland"]
[Black "Boldt, Kai Ulrich"]
[Result "1-0"]
[WhiteElo "1102"]
[BlackElo "1756"]
[PlyCount "85"]
[EventDate "2015.06.03"]
[EventType "swiss"]
[EventRounds "7"]
[EventCountry "GER"]
[SourceTitle "CBM 167 Extra"]
[Source "ChessBase"]
[SourceDate "2015.09.14"]
[SourceVersion "1"]
[SourceVersionDate "2015.09.14"]
[SourceQuality "1"]

1. d4 d5 2. c4 c6 3. Nf3 Nf6 4. e3 e6 5. Nc3 Bd6 6. Bd3 Nbd7 7. cxd5 exd5 8. 0-0 0-0 9. Qc2 Re8 10. Bd2 Nf8 11. Rfe1 Bg4 12. Be2 Qc7 13. h3 Bh5 14. Rac1 Bg6 15. Qb3 Qd7 16. Nb1 Rab8 17. Bb4 Ne4 18. Bxd6 Qxd6 19. Nc3 Nd7 20. Red1 h6 21. Nb1 Kh8 22. Nbd2 f5 23. a3 Bh5 24. Re1 Rf8 25. Qc2 Rbe8 26. g3 Nxg3 27. fxg3 Qxg3+ 28. Kh1 Qxh3+ 29. Nh2 Nf6 30. Ndf1 Ne4 31. Bxh5 Qxh5 32. Re2 g5 33. Kg1 g4 34. Nd2 Qg5 35. Nxe4 Rxe4 36. Rce1 h5 37. Qc5 Rfe8 38. Qxa7 R8e7 39. Qb8+ Kg7 40. Qg3 h4 41. Nf3 Rxe3 42. Rxe3 Rxe3 43. Qc7+ 1-0

[Event "Lueneburg op"]
[Site "Lueneburg"]
[Date "2013.07.19"]
[Round "5"]
[White "Boldt, Kai Ulrich"]
[Black "Ziese, Gerhard"]
[Result "0-1"]
[WhiteElo "1788"]
[BlackElo "1999"]
[PlyCount "79"]
[EventDate "2013.07.15"]
[EventType "swiss"]
[EventRounds "7"]
[EventCountry "GER"]
[SourceTitle "CBM 155 Extra"]
[Source "ChessBase"]
[SourceDate "2013.08.26"]
[SourceVersion "1"]
[SourceVersionDate "2013.08.26"]
[SourceQuality "1"]

1. c4 Nf6 2. Nc3 g6 3. g3 Bg7 4. Bg2 0-0 5. Nf3 c5 6. d3 Nc6 7. 0-0 a6 8. Rb1 Rb8 9. Bf4 d6 10. Ne1 Bd7 11. Bd2 b5 12. cxb5 axb5 13. a3 b4 14. Nd5 Nxd5 15. Bxd5 bxa3 16. bxa3 Qc7 17. Nf3 Rxb1 18. Qxb1 Rb8 19. Qd1 Qa7 20. Ng5 e6 21. Bxc6 Bxc6 22. Ne4 Bxe4 23. dxe4 Qxa3 24. Bf4 Rd8 25. Bg5 Rd7 26. Qb1 Qa7 27. Qb5 Qb7 28. Qa4 d5 29. exd5 exd5 30. Rd1 h6 31. Bc1 d4 32. Ba3 Rc7 33. Rc1 Bf8 34. Qc4 Qa8 35. Bb2 Rb7 36. Ra1 Qb8 37. Bc1 Rb4 38. Qd5 Qb7 39. Qxb7 Rxb7 40. Ra8 0-1

[Event "Lueneburg op"]
[Site "Lueneburg"]
[Date "2013.07.15"]
[Round "1"]
[White "Boldt, Kai Ulrich"]
[Black "Gazic, Josip"]
[Result "0-1"]
[WhiteElo "1788"]
[BlackElo "2289"]
[PlyCount "60"]
[EventDate "2013.07.15"]
[EventType "swiss"]
[EventRounds "7"]
[EventCountry "GER"]
[SourceTitle "CBM 155 Extra"]
[Source "ChessBase"]
[SourceDate "2013.08.26"]
[SourceVersion "1"]
[SourceVersionDate "2013.08.26"]
[SourceQuality "1"]

1. c4 e5 2. g3 h5 3. h3 h4 4. g4 Nc6 5. Nc3 Bb4 6. Nd5 Nge7 7. a3 Bc5 8. e3 Nxd5 9. cxd5 Ne7 10. b4 Bb6 11. Bb2 d6 12. e4 g5 13. Nf3 Ng6 14. d4 f6 15. Bb5+ Kf7 16. Qd2 Nf4 17. Bf1 Qe7 18. dxe5 fxe5 19. a4 a5 20. bxa5 Rxa5 21. Bc3 Ra8 22. Bb4 Rf8 23. a5 Kg6 24. Qc3 Ba7 25. Nxe5+ Kh6 26. f3 Re8 27. Nc4 Nxd5 28. Qd2 Qf6 29. 0-0-0 Qa1+ 30. Kc2 Qa4+ 0-1

[Event "Hessen-chB"]
[Site "Offenbach"]
[Date "2012.04.05"]
[Round "4"]
[White "Strobel, Sebastian"]
[Black "Boldt, Kai Ulrich"]
[Result "1/2-1/2"]
[WhiteElo "1439"]
[BlackElo "1798"]
[PlyCount "60"]
[EventDate "2012.04.05"]
[EventType "swiss"]
[EventRounds "7"]
[EventCountry "GER"]
[SourceTitle "EXT 2013"]
[Source "ChessBase"]
[SourceDate "2012.11.22"]
[SourceVersion "1"]
[SourceVersionDate "2012.11.22"]
[SourceQuality "1"]

1. d4 d5 2. c4 c6 3. Nc3 Nf6 4. Nf3 Bf5 5. Bg5 e6 6. e3 Bd6 7. Bd3 Bxd3 8. Qxd3 Nbd7 9. 0-0 0-0 10. Rfe1 h6 11. Bh4 Qc7 12. c5 Be7 13. Bg3 Qd8 14. b4 Nh5 15. Be5 Nxe5 16. Nxe5 Nf6 17. Rab1 Nd7 18. Nxd7 Qxd7 19. a4 Bf6 20. f4 Bd8 21. Re2 Bc7 22. b5 Rfb8 23. Reb2 g6 24. Na2 Kg7 25. Nb4 Ba5 26. bxc6 bxc6 27. Qa6 Bxb4 28. Rxb4 Rxb4 29. Rxb4 Rc8 30. Kf2 f5 1/2-1/2

[Event "Hessen-ch Gr-D"]
[Site "Idstein"]
[Date "2009.04.11"]
[Round "3"]
[White "Baskin, Robert"]
[Black "Boldt, Kai Ulrich"]
[Result "1/2-1/2"]
[WhiteElo "1697"]
[BlackElo "1548"]
[PlyCount "62"]
[EventDate "2009.04.10"]
[EventType "swiss"]
[EventRounds "5"]
[EventCountry "GER"]
[SourceTitle "EXT 2010"]
[Source "ChessBase"]
[SourceDate "2010.11.25"]
[SourceVersion "1"]
[SourceVersionDate "2010.11.25"]
[SourceQuality "1"]

1. e4 c5 2. Nf3 d6 3. d4 cxd4 4. Nxd4 Nf6 5. Nc3 a6 6. a4 Nc6 7. Be3 e6 8. Bc4 Be7 9. 0-0 Qc7 10. Bb3 Bd7 11. h3 0-0 12. f4 Nxd4 13. Bxd4 Bc6 14. e5 dxe5 15. Bxe5 Qb6+ 16. Kh1 Rad8 17. Qe2 Rd7 18. Rad1 Rfd8 19. Rxd7 Rxd7 20. f5 exf5 21. Bxf6 Bxg2+ 22. Qxg2 Qxf6 23. Re1 g6 24. Nd5 Qh4 25. Re5 Kf8 26. Rxe7 Rxe7 27. Nxe7 Qe1+ 28. Kh2 Qe5+ 29. Kg1 Qe1+ 30. Qf1 Qg3+ 31. Kh1 Kxe7 1/2-1/2

[Event "Hessen-ch Gr-D 62nd"]
[Site "Hanau"]
[Date "2008.03.22"]
[Round "4"]
[White "Boldt, Kai Ulrich"]
[Black "Falkenhainer, Sven"]
[Result "0-1"]
[WhiteElo "1558"]
[BlackElo "1654"]
[PlyCount "94"]
[EventDate "2008.03.21"]
[EventType "swiss"]
[EventRounds "5"]
[EventCountry "GER"]
[SourceTitle "CBM 123 Extra"]
[Source "ChessBase"]
[SourceDate "2008.05.06"]
[SourceVersion "1"]
[SourceVersionDate "2008.05.06"]
[SourceQuality "1"]

1. d4 d6 2. c4 Nf6 3. Nc3 g6 4. e4 Bg7 5. Nf3 0-0 6. Be2 Bg4 7. 0-0 Nbd7 8. Ng5 Bxe2 9. Qxe2 e5 10. d5 Nh5 11. Nh3 a6 12. Be3 h6 13. b4 Qh4 14. Qc2 Nf4 15. Nxf4 exf4 16. Bd2 Be5 17. f3 f5 18. Rae1 Bd4+ 19. Kh1 Nf6 20. exf5 Nh5 21. Ne2 Bf2 22. Bxf4 Bxe1 23. g3 Bxg3 24. Bxg3 Qh3 25. Rg1 Qxf5 26. Qxf5 Rxf5 27. Nd4 Nxg3+ 28. Rxg3 Rf6 29. Ne6 c6 30. f4 cxd5 31. cxd5 Rc8 32. a3 Rc1+ 33. Kg2 Rd1 34. Nc7 Kf7 35. Rf3 Rd4 36. Kg3 Rf5 37. h4 g5 38. hxg5 hxg5 39. Ne6 gxf4+ 40. Kg4 Rdxd5 41. Nxf4 Rb5 42. Rd3 Ke7 43. Rd4 Rg5+ 44. Kh4 Kd7 45. Nh3 Rgd5 46. Rc4 Rd3 47. a4 Rbd5 0-1

[Event "MVS Bezirks-ch"]
[Site "Bad Soden Salmuenster"]
[Date "2001.??.??"]
[Round "5"]
[White "Boldt, Kai Ulrich"]
[Black "Joeckel, Thomas"]
[Result "0-1"]
[WhiteElo "1593"]
[BlackElo "1603"]
[PlyCount "50"]
[EventDate "2001.11.??"]
[EventType "swiss"]
[EventRounds "7"]
[EventCountry "GER"]
[SourceTitle "EXT 2004"]
[Source "ChessBase"]
[SourceDate "2003.11.25"]
[SourceVersion "1"]
[SourceVersionDate "2003.11.25"]
[SourceQuality "1"]

1. d4 d5 2. Nf3 Nf6 3. c4 dxc4 4. Nc3 e6 5. e3 Be7 6. Bxc4 Nbd7 7. 0-0 0-0 8. Re1 b6 9. Qe2 Bb7 10. Bd3 c5 11. e4 cxd4 12. Nxd4 Nc5 13. Be3 Nxd3 14. Qxd3 e5 15. Nd5 Nxd5 16. Nf5 Nxe3 17. Qxd8 Bxd8 18. Rxe3 Bc8 19. Nd6 Be7 20. Nb5 Bd7 21. Nc7 Rac8 22. Nd5 Bc5 23. Rd3 Be6 24. Rad1 Bxd5 25. Rxd5 Bd4 0-1

[Event "MVS-ch"]
[Site "Dietzenbach"]
[Date "1998.11.22"]
[Round "7"]
[White "Kwiatkowski, Theo"]
[Black "Boldt, Kai Ulrich"]
[Result "0-1"]
[WhiteElo "1490"]
[BlackElo "1680"]
[PlyCount "72"]
[EventDate "1998.11.??"]
[EventType "swiss"]
[EventRounds "7"]
[EventCountry "GER"]
[SourceTitle "EXT 2003"]
[Source "ChessBase"]
[SourceDate "2002.11.25"]
[SourceVersion "1"]
[SourceVersionDate "2002.11.25"]
[SourceQuality "1"]

1. e4 c5 2. Nc3 Nc6 3. Nf3 Nf6 4. d4 cxd4 5. Nxd4 d6 6. Bb5 Bd7 7. Nf3 Qb6 8. Be3 Qc7 9. h3 g6 10. Rb1 Bg7 11. 0-0 0-0 12. a3 a6 13. Bc4 b5 14. Bb3 Qc8 15. Qd2 Bxh3 16. Nh2 Bd7 17. f3 Ne5 18. Bd5 Bc6 19. b3 Qb7 20. Rfd1 Rac8 21. f4 Neg4 22. Nxg4 Nxg4 23. Qe2 Nxe3 24. Qxe3 Bxc3 25. Rd3 Bg7 26. Qh3 Bxd5 27. exd5 Rxc2 28. Kh2 Rfc8 29. Rf1 Re2 30. Re3 Rxe3 31. Qxe3 Rc7 32. Qh3 Qxd5 33. f5 Be5+ 34. Kh1 Qd2 35. fxg6 hxg6 36. Qf3 Qh6+ 0-1

[Event "MVS-ch"]
[Site "Dietzenbach"]
[Date "1998.11.21"]
[Round "4"]
[White "Boldt, Kai Ulrich"]
[Black "Hattermann, Thomas"]
[Result "1/2-1/2"]
[WhiteElo "1680"]
[BlackElo "1744"]
[PlyCount "76"]
[EventDate "1998.11.??"]
[EventType "swiss"]
[EventRounds "7"]
[EventCountry "GER"]
[SourceTitle "EXT 2003"]
[Source "ChessBase"]
[SourceDate "2002.11.25"]
[SourceVersion "1"]
[SourceVersionDate "2002.11.25"]
[SourceQuality "1"]

1. d4 d5 2. Nf3 Nf6 3. c4 e6 4. a3 dxc4 5. Nc3 c5 6. Bg5 Nbd7 7. e3 Be7 8. Bxc4 a6 9. Ba2 b5 10. dxc5 Bxc5 11. 0-0 Bb7 12. Rc1 Qe7 13. Qe2 0-0 14. e4 h6 15. Bh4 e5 16. Bd5 Nb6 17. Bxb7 Qxb7 18. Bxf6 gxf6 19. Kh1 Rac8 20. Nh4 Kh7 21. Nf5 Rg8 22. Qd2 Bf8 23. Rfe1 Bg7 24. Re3 Nc4 25. Qe2 Nxe3 26. Qxe3 Rgd8 27. Re1 Rd7 28. h3 Rcd8 29. Nd5 Rxd5 30. exd5 Qxd5 31. Qa7 Qe6 32. Nxg7 Kxg7 33. Re3 f5 34. Rg3+ Kh7 35. b4 Qf6 36. Qb7 Kh8 37. Rc3 Kg7 38. Rg3+ Kh8 1/2-1/2

[Event "MVS-ch"]
[Site "Dietzenbach"]
[Date "1998.11.14"]
[Round "1"]
[White "Lotz, Ralf"]
[Black "Boldt, Kai Ulrich"]
[Result "1-0"]
[WhiteElo "1977"]
[BlackElo "1680"]
[PlyCount "57"]
[EventDate "1998.11.??"]
[EventType "swiss"]
[EventRounds "7"]
[EventCountry "GER"]
[SourceTitle "EXT 2003"]
[Source "ChessBase"]
[SourceDate "2002.11.25"]
[SourceVersion "1"]
[SourceVersionDate "2002.11.25"]
[SourceQuality "1"]

1. d4 d5 2. Nf3 Nf6 3. c4 e6 4. a3 h6 5. Nc3 Be7 6. Bf4 a6 7. cxd5 Nxd5 8. Bg3 0-0 9. e4 Nf6 10. Bd3 c5 11. e5 Nh5 12. d5 Nxg3 13. hxg3 exd5 14. Nxd5 Be6 15. Nxe7+ Qxe7 16. Qd2 Rd8 17. 0-0-0 Nc6 18. Qf4 Kf8 19. Qe4 f5 20. exf6 Qxf6 21. Rh4 Bd5 22. Qh7 Bg8 23. Qh8 Ke7 24. Rf4 Qxf4+ 25. gxf4 Kf6 26. Bc2 Rxd1+ 27. Bxd1 Rd8 28. g4 Bf7 29. g5+ 1-0